|
|
|
|
| LEADER |
00000nam0a2200000 4500 |
| 001 |
29872 |
| 005 |
20231030203701.0 |
| 010 |
|
|
|a 5738301404
|
| 035 |
|
|
|a (RuTPU)RU\TPU\book\30138
|
| 035 |
|
|
|a BOOK00000046
|
| 090 |
|
|
|a 29872
|
| 100 |
|
|
|a 20011209d2001 k y0rusy50 ca
|
| 101 |
0 |
|
|a rus
|
| 102 |
|
|
|a RU
|
| 105 |
|
|
|a a y 000zy
|
| 200 |
1 |
|
|a Россия в окружающем мире: 2001
|e Аналитический ежегодник
|f Под ред. В. И. Данилова-Данильяна, С. А. Степанова
|
| 210 |
|
|
|a Москва
|c Изд-во МНЭПУ
|d 2001
|
| 215 |
|
|
|a 330 с.
|c ил.
|
| 320 |
|
|
|a Библиогр. в конце статей
|
| 610 |
1 |
|
|a экология
|
| 610 |
1 |
|
|a общество
|
| 610 |
1 |
|
|a природа
|
| 610 |
1 |
|
|a Россия
|
| 610 |
1 |
|
|a экологическая безопасность
|
| 610 |
1 |
|
|a 20 век
|
| 610 |
1 |
|
|a ресурсы
|
| 610 |
1 |
|
|a население
|
| 610 |
1 |
|
|a здоровье
|
| 610 |
1 |
|
|a экономические кризисы
|
| 610 |
1 |
|
|a биосфера
|
| 610 |
1 |
|
|a климат
|
| 610 |
1 |
|
|a сельское хозяйство
|
| 610 |
1 |
|
|a леса
|
| 610 |
1 |
|
|a минеральные ресурсы
|
| 610 |
1 |
|
|a погода
|
| 610 |
1 |
|
|a здравоохранение
|
| 675 |
|
|
|a 504.03
|v 3
|
| 686 |
|
|
|a С55.0
|v LBC/SL-A
|2 rubbk
|
| 702 |
|
1 |
|a Данилов-Данильян
|b В. И.
|4 340
|
| 702 |
|
1 |
|a Степанов
|b С. А.
|4 340
|
| 801 |
|
0 |
|a RU
|b 63413507
|c 20011209
|g PSBO
|
| 801 |
|
2 |
|a RU
|b 63413507
|c 20051214
|g PSBO
|
| 942 |
|
|
|c BK
|